1203 1138 1886 1769 1685 1914 1250 1002 1691 1446 1942 1614 1553 1484 1084 1121 1703 1860 1744 1516 1305 1546 1293 1841 1031 1240 1698 1981 1408 1662 1138 1780 1042 1430 1268 1214 1376 1129 1307 1654 1255 1311 1749 1203 1756 1649 1648 1735 1067 1476 1110 1910 1450 1157 1008 1095 1705 1216 1698 1611 1285 1347 1688 1623 1247 1091 1789 1845 1040 1996 1813 1312 1497 1972 1949 1649 1842 1165 1079 1284 1887 1684 1377 1914 1531 1466 1000 1863 1306 1693 1416 1487 1338 1788 1442 1744 1448 1004 1958 BCNSPRNW ULIB Ver.6.0+V

เปลี่ยนเป็นภาษาไทย

Change to English
 แสดงรายละเอียดบรรณานุกรม
  กลับหน้าหลัก

Brief Record : Get Marc (ISO 2709) : E-mail record : QR code < ปิดหน้าต่าง
LEADER : 00000nam 2200000uu 4500
001    13399128234
003     ULIB
008    020711s2563 th a 000 0 tha d
060    ^aWT100^bค695
245    ^aคู่มือฉบับประชาชนป้องกันการหกล้มในผู้สูงอายุ
250    ^aพิมพ์ครั้งที่ 1
260    ^aกรุงเทพฯ :^bบริษัท ซีจี ทูล จำกัด,^c2563
300    ^a38 หน้า;^b26 ซม.
650    ^aการหกล้มในผู้สูงอายุ
945    ^p0^l0^i009335
999    ^aประนอม เกษจรัล
รายการนี้ยังไม่มีแท็ก
คุณยังไม่ได้ล็อกอิน คุณสามารถมีกิจกรรมร่วมกับเว็บไซต์ได้ แต่ต้องล็อกอินก่อน ::
  ล็อกอิน

รายการสื่อสารสนเทศ

ลำดับที่ ประเภท เลขเรียก/บาร์โค้ด สถานที่ สถานะ
1. วิทยาศาสตร์การแพทย์ และสุขภาพ
หนังสือสำรอง
สถานะ=หนังสือสำรอง
WT100 ค695 ฉ.1 
  Barcode: 009335
ห้องสมุดวิทยาเขตสวรรค์ประชารักษ์
►หนังสือทั่วไป
บนชั้น

รายการใกล้เคียง
    หัวเรื่อง [การหกล้มในผู้สูงอายุ]

BibComment


ยังไม่เคยถูกคอมเมนท์

คอมเมนท์ทรัพยากรรายการนี้
  คอมเมนท์: คู่มือฉบับประชาช..


 Copyright 2026. Bcnsprnw @Library